Name the Nintendo Consoles - Statistics

General Stats
  • This quiz has been taken 34 times
  • The average score is 19 of 28
Answer Stats
Year it Came out Answer % Correct
2004 DS
96%
1989 Gameboy
96%
2006 Wii
96%
2011 3DS
93%
1998 Gameboy Color
93%
1985 NES
93%
2017 Switch
93%
2012 Wii U
93%
2000 Gameboy Advance
89%
2001 Gamecube
89%
1991 SNES
89%
1996 N64
85%
2013 2ds
78%
2008 DSi
70%
2019 Switch Lite
70%
2021 Switch OLED
63%
1994 Virtual Boy
63%
2006 DS Lite
56%
1980 Game and Watch
48%
2003 Gameboy Advance SP
48%
1996 Gameboy Pocket
48%
2014 New 3DS
48%
2017 New 2DS
44%
2005 Gameboy Micro
41%
1998 Gameboy Light
37%
1983 Famicom
33%
1979 Color TV Game
30%
1990 Super Famicom
30%
No matching quizzes found
Score Distribution
Percent of People with Each Score
Percentile by Number Answered
Your Score History
You have not taken this quiz